000 01051nam a2200289 a 4500
001
003 DO-SdBNP
005 20230301095325.0
007 ta
008 110214s2017 dr ac 000 0 spa d
020 _a9789945589733
040 _aDO-SdBNP
_bspa
_cBNPHU
082 4 _a972.9385
_bR621c, 2017
_222
100 1 _aRivera Cedeño, Ernesto,
_d1934-
_943032
245 1 4 _aLas calles de Higüey :
_buna historia de Higüey vista a través de sus calles /
_cErnesto Rivera Cedeño
250 _a2a. ed.
260 _aSanto Domingo :
_bSantuario,
_c2017
300 _a272 p. ;
_c22 cm.
500 _aIncluye datos biográficos del autor en la solapa de la cubierta
504 _aBibliografía : p. 271-272
590 _aInventariado, 2021/VM
650 4 _aCiudades y pueblos
_zRepública Dominicana
_9784
651 4 _aLa Altagracia (República Dominicana)
_xHistoria Local
_951795
651 4 _aLa Altagracia (República Dominicana
_xVida social y costumbres
_951796
910 _aVMateo/Validado. Control de calidad MFF
942 _2ddc
_cLBS1
999 _c49308
_d49308